000 00477nam a2200181Ia 4500
008 240702s2017 xx 000 0 und d
041 _aeng
082 _a532 /RAM
_bG-40370
100 _aRAMAMRUTHAM S
245 _aHYDRAULICS FLUID MECHANICS AND FLUID MECHANICS
250 _a1ST
260 _bDHANPAT RAI
_c2017
300 _a1086p
365 _aRs.
_b650
_d650
650 _aHYDRAULICS FLUID MECHANICS AND FLUID MECHANICS
700 _aRAMAMRUTHAM S
942 _cBK
999 _c1169821
_d1169821